000 00516pab a2200181 454500
008 180718b2010 xxu||||| |||| 00| 0 eng d
100 _aBarpujari, Indrani
245 _aPolitical autonomy and legal pluralism: Case of the Tiwa Tribe of Assam, India
260 _c2010
300 _ap.4119-4133.
362 _aDec
650 _aTribes - India - Assam
650 _aTribes
700 _aSarma, Ujjal Kumar
773 _aJharkhand Journal of Development and Management Studies
908 _aN
909 _a91108
999 _c91108
_d91108